000 00334nam a2200121Ia 4500
999 _c10882
_d10882
008 191201s2007 xx 000 0 und d
100 _aKHURANA, Kamal
245 0 _aFabrics for Fashion and Textile Design
260 _aNew Delhi
_bSonali
_c2020
300 _a240
650 _aBachelor of Fashion and Apparel Design
942 _2ddc
_cBK